Set in Darkness (Record no. 50439)

000 -LEADER
fixed length control field 00376nam a2200145Ia 4500
008 - FIXED-LENGTH DATA ELEMENTS--GENERAL INFORMATION
fixed length control field 251230s9999 xx 000 0 und d
020 ## - INTERNATIONAL STANDARD BOOK NUMBER
International Standard Book Number 0312977891
082 ## - DEWEY DECIMAL CLASSIFICATION NUMBER
Classification number 820
Item number RAN/S
100 ## - MAIN ENTRY--PERSONAL NAME
Personal name Rankin, Ian
245 #0 - TITLE STATEMENT
Title Set in Darkness
250 ## - EDITION STATEMENT
Edition statement 1st Edition
260 ## - PUBLICATION, DISTRIBUTION, ETC.
Place of publication, distribution, etc. New York
Name of publisher, distributor, etc. St. Martin's Paperbooks
Date of publication, distribution, etc. 2001
300 ## - PHYSICAL DESCRIPTION
Extent 470p.
942 ## - ADDED ENTRY ELEMENTS (KOHA)
-- Muit Old Books
Koha item type
Holdings
Withdrawn status Lost status Damaged status Not for loan Collection code Permanent Location Current Location Date acquired Cost, normal purchase price Full call number Barcode Date last seen Price effective from Koha item type
        School of Journalism (Noida) MUIT-NOIDA MUIT-NOIDA 2025-12-30 260.00 820 RAN/S SOJ00264 2025-12-30 2025-12-30  

All Rights Reserved@MUIT

Powered by Koha